| 000 | 00384nam a2200181Ia 4500 | ||
|---|---|---|---|
| 100 | _aFloyd/Thomas L | ||
| 650 | _aDigital electronics | ||
| 250 | _a8 | ||
| 942 | _cBK | ||
| 366 | _f25 | ||
| 654 | _adigital fundamentals | ||
| 245 | _aDigital Fundamentals | ||
| 260 |
_bPearson Education _c2006 |
||
| 082 |
_a621.381 _bFLO |
||
| 300 | _a582 | ||
| 546 | _aENGLISH | ||
| 999 |
_c28052 _d28052 |
||